| 000 | 00605nam a2200181 a 4500 | ||
|---|---|---|---|
| 001 | 000013311 | ||
| 005 | 20240530073931.0 | ||
| 008 | 091123s1994 dr 001 0 spa d | ||
| 040 |
_aDO-SdBNP _bspa _cBNPHU |
||
| 082 |
_aRD864.42 _bG216c |
||
| 100 | 1 |
_aGarcia Godoy, Emilio _930508 |
|
| 245 | 1 | 0 |
_aColección nacional / _cEmilio García Godoy ; edición Arístides Incháustegui. |
| 260 |
_aSanto Domingo : _bSecretaría de Estado de Educación, Bella Artes y Cultos, _c1994. |
||
| 300 |
_a347 p. ; _c23 cm. |
||
| 650 | 0 |
_aEnsayos dominicanos _965 |
|
| 650 | 0 |
_aLiteratura dominicana. _967 |
|
| 049 | _aBNPD | ||
| 999 |
_c12941 _d12941 |
||